Low-cost airlines - Statistics

General Stats
  • This quiz has been taken 48 times
  • The average score is 20 of 36
Answer Stats
Picture Answer % Correct
JetBlue
93%
Ryanair
90%
Vueling
85%
WizzAir
83%
EasyJet
80%
Fly Dubai
80%
Jeju Air
80%
Scoot
78%
Jetstar
75%
Peach
75%
VietJet
73%
Flair Airlines
70%
Mango
70%
PLAY
70%
Nok Air
65%
Lion Air
63%
Frontier
55%
Jin Air
55%
Eurowings
53%
Southwest Airlines
53%
Spirit Airlines
50%
Breeze Airways
48%
Jet2
43%
Transavia
40%
Allegiant
38%
IndiGo
38%
AirAsia
33%
Volotea
33%
AirArabia
30%
Pegasus Airlines
30%
French Bee
28%
Cebu Pacific
25%
Norwegian Airlines
25%
Norse Atlantic Airways
20%
SpiceJet
20%
Avelo Airlines
10%
No matching quizzes found
Score Distribution
Percent of People with Each Score
Percentile by Number Answered
Your Score History
You have not taken this quiz